000 00279nam a22001337a 4500
008 170131b xxu||||| |||| 00| 0 eng d
020 _a9781563637896
041 _aeng
080 _a61
100 _a3
101 _aSHMI
245 _aNEOFAX 2011
_cREUTERS, TH
942 _2udc
_cBK
999 _c4045
_d4045